header

Understanding complex sentences (Record no. 206404)

MARC details
000 -LEADER
fixed length control field 01234nam a2200313Ia 4500
082 04 - DEWEY DECIMAL CLASSIFICATION NUMBER
Classification number 415
100 1# - MAIN ENTRY--AUTHOR NAME
Personal name Chipere, Ngoni,
245 10 - TITLE STATEMENT
Title Understanding complex sentences
260 ## - PUBLICATION, DISTRIBUTION, ETC. (IMPRINT)
Place of publication New York :
Name of publisher Palgrave Macmillan,
Year of publication 2003.
300 ## - PHYSICAL DESCRIPTION
Number of Pages xvi, 248 p.
650 #0 - SUBJECT ADDED ENTRY--TOPICAL TERM
Topical Term Grammar, Comparative and general
Topical Term Psycholinguistics.
Topical Term Language and languages
856 40 - ELECTRONIC LOCATION AND ACCESS
Uniform Resource Identifier http://site.ebrary.com/lib/rucke/Doc?id=10103745

No items available.

© 2026 Rongo University
Contact us: librarian | system librarian | Rongo university